书目信息 |
| 题名: |
线性规划
|
|
| 作者: | 郑汉鼎 , 管梅谷 编著 | |
| 分册: | ||
| 出版信息: | 济南 山东科学技术出版社 1983 |
|
| 页数: | 369页 | |
| 开本: | 21cm | |
| 丛书名: | ||
| 单 册: | ||
| 中图分类: | O221.1 | |
| 科图分类: | ||
| 主题词: | 线性规划 | |
| 电子资源: | ||
| ISBN: | ||
| 000 | 00634nam0 2200241 45 | |
| 001 | 0183011897 | |
| 005 | 20060808155045.57 | |
| 010 | @dCNY1.60 | |
| 091 | @aCN@b13195.101 | |
| 100 | @a19950509d1983 em y0chiy0121 ea | |
| 101 | 0 | @achi |
| 102 | @aCN@b370000 | |
| 105 | @ay z 000yy | |
| 200 | 10 | @a线性规划@Axian xing gui hua@f管梅谷, 郑汉鼎编著 |
| 210 | @a济南@c山东科学技术出版社@d1983 | |
| 215 | @a369页@d21cm | |
| 606 | @a线性规划 | |
| 690 | @aO221.1@v3 | |
| 701 | 0 | @a郑汉鼎@Azheng han ding@4编著 |
| 701 | 0 | @a管梅谷@Aguan mei gu@4编著 |
| 801 | 2 | @aCN@bNLC@c20060808 |
| 801 | 0 | @aCN@bTSSF |
| 905 | @a10447@dO221.1@e114 | |
| 线性规划/管梅谷, 郑汉鼎编著.-济南:山东科学技术出版社,1983 |
| 369页;21cm |
| ISBN :CNY1.60 |
| ● |
| 相关链接 |
|
|
|
|
正题名:线性规划
索取号:O221.1/114
 
预约/预借
| 序号 | 登录号 | 条形码 | 馆藏地/架位号 | 状态 | 备注 |
| 1 | 0449837 | 204498374 | 密集书库/ [索取号:O221.1/114] | 在馆 |